logo

Bir Sreshtho Munshi Abdur Rouf Library
Jhenaidah Cadet College

Java 1.2 (Record no. 6176)

MARC details
000 -LEADER
fixed length control field 00584nam a2200229 a 4500
001 - CONTROL NUMBER
JCCL Control Number 6176
003 - CONTROL NUMBER IDENTIFIER
JCCL marc code BD-JhCC
005 - DATE AND TIME OF LATEST TRANSACTION
control field 20180117115729.0
008 - FIXED-LENGTH DATA ELEMENTS--GENERAL INFORMATION
fixed length control field 180115s1998 i a|||| || | 000 0 e d
020 ## - INTERNATIONAL STANDARD BOOK NUMBER
International Standard Book Number 8176560359
035 ## - SYSTEM CONTROL NUMBER
system control number (BD-JhCC)6176
040 ## - CATALOGING SOURCE
Original cataloging agency BD-JhCC
Modifying agency BD-JhCC
041 ## - LANGUAGE CODE
Language code of Book eng
082 ## - DEWEY DECIMAL CLASSIFICATION NUMBER
Classification number 005.2762
Author mark and Year HOl 1998
100 ## - MAIN ENTRY--PERSONAL NAME
Personal name Holzner, Steven
245 ## - TITLE STATEMENT
Title Java 1.2
Statement of responsibility, etc Steven Holzner,
260 ## - PUBLICATION, DISTRIBUTION, ETC. (IMPRINT)
Place of publication, distribution, etc New Delhi :
Name of publisher, distributor, etc BPB Publications,
Date of publication, distribution, etc 1998.
300 ## - PHYSICAL DESCRIPTION
Pagination 553 p. :
Other physical details ill. ;
Dimensions 25 cm.
650 ## - SUBJECT ADDED ENTRY--TOPICAL TERM
Topical term or geographic name as entry element Java (Computer program language)
942 ## - ADDED ENTRY ELEMENTS (KOHA)
Source of classification or shelving scheme Dewey Decimal Classification
Koha item type Books

No items available.


JCC Library | Contacts | JCC Home

Last Update on 23 September 2017
Copyright @ 2017-2020 JCC Rouf Library
Rouf Library, Jhenidah Cadet College (JCC), Bangladesh